00454nam a22001337a 4500008004100000020001500041050002900056100001700085245008000102250001200182260004500194300006900239650001200308171125b xxu||||| |||| 00| 0 eng d a9966221573 aAFR PL 8703.5 .N558 1999 aNjogu Kimani aUfundishaji wa Fasihi :bNadharia na mbinu /cNjogu Kimani, Rocha Chimerah. a1st ed. aKenya:bJomo Kenyatta Foundation,c1999. axii, 409p.bincludes bibliographical references and index.c24cm aSwahili